header

Imperialism within the margins (Record no. 85029)

MARC details
000 -LEADER
fixed length control field 01570nam a2200385Ia 4500
082 04 - DEWEY DECIMAL CLASSIFICATION NUMBER
Classification number 306.76/6096809049
100 1# - MAIN ENTRY--AUTHOR NAME
Personal name Spurlin, William J.,
245 10 - TITLE STATEMENT
Title Imperialism within the margins
250 ## - EDITION STATEMENT
Edition statement 1st ed.
260 ## - PUBLICATION, DISTRIBUTION, ETC. (IMPRINT)
Place of publication New York :
Name of publisher Palgrave Macmillan,
Year of publication 2006.
300 ## - PHYSICAL DESCRIPTION
Number of Pages ix, 182 p.
650 #0 - SUBJECT ADDED ENTRY--TOPICAL TERM
Topical Term Homosexuality
Topical Term Gays
Topical Term Same-sex marriage
Topical Term Gays in popular culture
856 40 - ELECTRONIC LOCATION AND ACCESS
Uniform Resource Identifier http://site.ebrary.com/lib/rucke/Doc?id=10135371

No items available.

© 2026 Rongo University
Contact us: librarian | system librarian | Rongo university